| 000 | 00465nam a2200181Ia 4500 | ||
|---|---|---|---|
| 003 | GCL | ||
| 008 | 140319s9999 xx 000 0 ara d | ||
| 040 |
_aGCL / _cGCL |
||
| 082 | 0 | 4 |
_a821 _bهـ م |
| 100 | 1 | _aنظمى خليل | |
| 245 | 1 | 0 |
_aمهمة الناقد / _cنظمى خليل |
| 700 | 1 | _aهازلت, وليم | |
| 300 | _a101 ص | ||
| 490 |
_aكتب ثقافية _v0 |
||
| 650 | 0 | 4 | _aالادب |
| 650 | 0 | 4 | _aالنقد الادبى |
| 942 |
_2ddc _cBK |
||
| 999 |
_c46360 _d46360 |
||